00868cam a2200241Ka 4500001001200000003000200012005001700014008004100031020001500072035000900087040001900096100002000115245012200135260003900257300003500296440002800331504004100359650005200400650005900452650005700511650004600568710001200614ocm29772346020230123133246.0940209s1993 fr a bs i000 0 eng d z9331028758 bH130 aPLFcNUSTdVHB1 aSasson, Albert.10aBiotechnologies in developing countries: present and future.nVol. 1,pRegional and national survey /cAlbert Sasson. aParis :bUnesco Publishing,c1993. axvii, 764 p. :bill. ;c24 cm. 0aFuture-oriented studies aIncludes bibliographical references. 0aBiotechnology industrieszDeveloping countries. 0aBiotechnologyxEconomic aspectszDeveloping countries. 0aBiotechnologyxSocial aspectszDeveloping countries. 0aIndustrial surveyszDeveloping countries.2 aUnesco.